30 minutes to brainstorm great ideas

Bibliographic Details
Main Author: Barker, Alan
Format: Book
Published: London : Kogan Page , 1997
Subjects:

MARC

LEADER 00000cam a2200000 7i4500
001 0000013294
005 20220322.0
020 |a 0749423587 
040 |a INS 
090 0 0 |a BF637   |b .B2551 1997 
100 1 |a Barker, Alan 
245 1 0 |a 30 minutes to brainstorm great ideas   |c Alan Barker 
260 |a London :   |b Kogan Page ,   |c 1997 
300 |a 64p. :   |b 17cm 
650 0 |a Brainstorming-Problem Solving 
999 |a 0000008630   |b BOOK   |c Open Shelf   |e Default branch 
999 |a 0000008631   |b BOOK   |c Open Shelf   |e Default branch